banner-ar

PRACTICAL HANDBOOK OF SOIL, VADOSE ZONE AND GROUND WATER CONTAMINATION : ASSESSMENT, PRREVENTION AND REMEDIATION / (Record no. 25425)

MARC details
000 -الفاتح
حقل البيانات ثابتة الطول 00586nam a2200193Ia 4500
008 - عناصر البيانات ثابتة الطول - معلومات عامة
حقل البيانات ثابتة الطول 140319s9999 xx 000 0 eng d
040 ## - مصدر الفهرسة
وكالة الفهرسة الأصلية GCL /
وكالة النسخ GCL
082 04 - رقم تصنيف ديوى العشرى
رقم التصنيف 628.55
رقم المادة B P
100 1# - المدخل الرئيسى - إسم شخصى
الإسم الشخصى BOULDING, RUSSELL
245 10 - بيان العنوان
العنوان PRACTICAL HANDBOOK OF SOIL, VADOSE ZONE AND GROUND WATER CONTAMINATION : ASSESSMENT, PRREVENTION AND REMEDIATION /
بيان المسئوليه,etc BOULDING, RUSSELL
260 ## - PUBLICATION, DISTRIBUTION, ETC. (IMPRINT)
تاريخ النشر أو التوزيع 1995
300 ## - الوصف المادى
التعداد 948
650 04 - المدخل الاضافى بالموضوع-مصطلح موضوعى
مصطلح موضوعي SOIL POLLUTION
650 04 - المدخل الاضافى بالموضوع-مصطلح موضوعى
مصطلح موضوعي GROUNDWATER
650 04 - المدخل الاضافى بالموضوع-مصطلح موضوعى
مصطلح موضوعي SOIL REMEDIATION
650 04 - المدخل الاضافى بالموضوع-مصطلح موضوعى
مصطلح موضوعي ZONE OF AERATION
942 ## - عناصر المدخل الإضافي( كوها)
مصدر التصنيف او مخطط الترفيف Dewey Decimal Classification
Koha [default] item type كتاب
260 ## - PUBLICATION, DISTRIBUTION, ETC. (IMPRINT)
-- [S.N] :
-- LEWIS PUBLISHRS ،
Holdings
حالة التراجع حالة الفقد حالة تلف ليس للاعارة المكان المؤقت الموقع الحالى تاريخ الاكتساب اجمالي اﻻعارات رقم الطلب الباركود تاريخ اخر مشاهدة تاريخ تفعيل السعر نوع وعاء كوها
        مكتبة القاهرة الكبرى مكتبة القاهرة الكبرى 03/26/2014   628.55\B P 44774 03/26/2014 03/26/2014 كتاب

Powered By

EGPV